000 01163cab a2200265 4500
001 ABS55161
008 090401t1996 xxu||||| |||| 00| 0 eng d
035 _a(Sirsi) u14588
041 _aeng
100 _aHealey, P.
245 _aNegotiating development: planning gain and mitigating impacts
260 _c1996
350 _a0
490 _aJournal of Property Research
_v13(2) Summer 1996, 143-160(18)
520 _aArgues for a strategic approach to the negotiation of contributions from developers in the context of planning regulation. It reviews why such contributions have become important, how they can be justified and summarises attempts to provide policy guidance for these negotiations and the findings of recent research. Concludes by making a case for an impact-oriented approach in preference to a planning gain or community benefit approach. From journal abstract.
650 _aBETTERMENT TAXATION
650 _aDEVELOPERS CONTRIBUTIONS
650 _aDEVELOPMENT IMPACTS
650 _aIMPACT FEES
690 _aPROPERTY-PROPERTY DEVELOPMENT
700 _aPurdue, M.
700 _aEnnis, F.
942 _n0
948 _c04/03/1997
999 _c9519
_d9519